000 00490nam a22001577a 4500
005 20251108164843.0
008 250721s1957 xx 000 0 ara d
082 1 4 _a891.51/حسي
100 1 _aمحفوظ، حسين علي
245 1 0 _aمتنبي و سعدي و مآخذ مضامين سعدي درادبيات عربي /
264 1 _aطهران :
_bجانجانة حيدري،
_c1957.
300 _a332ص.
650 1 7 _aالشعر الفارسي
942 _2ddc
_cBK
999 _c15926
_d15926